000 00829cam a22002532 4500
001 0000006192
005 20151021151109.0
008 070924s xx 000 0 eng d
020 _cKES 750
020 _a9966286705
040 _aKABU
_cKABU
100 1 _aSaleemi, Nisar Ahmad.
_@0000151299
245 1 0 _aAdvanced financial accounting simplified :
_bvolume II.
250 _a2nd ed.
260 _aNairobi :
_bN. A. Saleemi,
_c1998.
300 _a503 p.
362 0 _avol. II.
650 0 _aAccounting.
_@0000148321
852 1 _9p780 KES
852 1 _9p780 KES
908 _a070924
950 _@1
999 _c634
_d634